Statistiques concernant Naruto - Démons à queues

Cliquez ici pour prendre le quiz!

Statistiques générales

  • Ce quiz a été pris 107 fois
  • Le résultat moyen est 7 sur 9

Statistiques - réponses

Noms donnés
par les Hommes
Noms réelsEspèce animaleNombre de queues% Correct
KyûbiKuramaRenard9
98%
YonbiSon GokûSinge4
87%
NibiMatatabiChat2
86%
IchibiShukakuChien viverrin1
82%
SanbiIsobuTortue3
76%
NanabiChômeiScarabée-rhinocéros7
75%
HachibiGyûkiTaureau8
72%
RokubiSaikenLimace6
72%
GobiKokuôCheval5
71%

Distribution des résultats

Percentile par nombre de réponses

% des personnes avec chaque résultat

Votre développement - résultats

Vous n’avez pas pris ce quiz